| Tag |
First Indicator |
Second Indicator |
Subfields |
| LEADER |
00000cam a22000004a 4500 |
| 001 |
in00004601351 |
| 006 |
m o d |
| 007 |
cr cnu---unuuu |
| 008 |
060510s2006 maua ob 001 0 eng d |
| 005 |
20221121162447.9 |
| 035 |
|
|
|a (MaCbMITP)3846
|
| 040 |
|
|
|a OCoLC-P
|b eng
|e pn
|c OCoLC-P
|
| 020 |
|
|
|a 9780262282277
|q (electronic bk.)
|
| 020 |
|
|
|a 0262282275
|q (electronic bk.)
|
| 020 |
|
|
|a 9780262182508
|q (alk. paper)
|
| 020 |
|
|
|a 0262182505
|q (alk. paper)
|
| 020 |
|
|
|a 9780262681568
|q (pbk. ;
|q alk. paper)
|
| 020 |
|
|
|a 0262681560
|q (pbk. ;
|q alk. paper)
|
| 020 |
|
|
|a 1282097903
|
| 020 |
|
|
|a 9781282097902
|
| 035 |
|
|
|a (OCoLC)68626846
|z (OCoLC)182530238
|z (OCoLC)473738064
|z (OCoLC)488444460
|z (OCoLC)614956303
|z (OCoLC)647122774
|z (OCoLC)648225531
|z (OCoLC)722565467
|z (OCoLC)728037216
|z (OCoLC)815776472
|z (OCoLC)939263673
|z (OCoLC)961581308
|z (OCoLC)962619966
|z (OCoLC)988511918
|z (OCoLC)991987418
|z (OCoLC)1037509734
|z (OCoLC)1037943484
|z (OCoLC)1038606394
|z (OCoLC)1055363195
|z (OCoLC)1058830435
|z (OCoLC)1066536067
|z (OCoLC)1081265581
|z (OCoLC)1083598632
|
| 035 |
|
|
|a (OCoLC-P)68626846
|
| 050 |
|
4 |
|a P151
|b .R45 2006eb
|
| 072 |
|
7 |
|a LAN
|x 006000
|2 bisacsh
|
| 072 |
|
7 |
|a LAN
|x 009060
|2 bisacsh
|
| 082 |
0 |
4 |
|a 415
|2 22
|
| 100 |
1 |
|
|a Reinhart, Tanya.
|
| 245 |
1 |
0 |
|a Interface strategies :
|b optimal and costly computation /
|c Tanya Reinhart.
|
| 260 |
|
|
|a Cambridge, Mass. :
|b MIT Press,
|c ©2006.
|
| 300 |
|
|
|a 1 online resource (x, 340 pages) :
|b illustrations.
|
| 336 |
|
|
|a text
|b txt
|2 rdacontent
|
| 337 |
|
|
|a computer
|b c
|2 rdamedia
|
| 338 |
|
|
|a online resource
|b cr
|2 rdacarrier
|
| 490 |
1 |
|
|a Linguistic inquiry monographs ;
|v 45
|
| 520 |
|
|
|a Taking Chomsky's hypothesis of optimal design as a starting point, repair strategies based on computing reference-sets apply in restricted areas of the interface-quantifier scope, focus, anaphora and implicatures.
|
| 588 |
|
|
|a OCLC-licensed vendor bibliographic record.
|
| 650 |
|
0 |
|a Grammar, Comparative and general.
|
| 653 |
|
|
|a LINGUISTICS & LANGUAGE/General
|
| 655 |
|
7 |
|a Electronic books.
|2 local
|
| 856 |
4 |
0 |
|u http://proxy.library.tamu.edu/login?url=https://doi.org/10.7551/mitpress/3846.001.0001?locatt=mode:legacy
|z Connect to the full text of this electronic book
|t 0
|
| 955 |
|
|
|a MIT D2O ebooks
|
| 999 |
f |
f |
|s c3756c25-b87d-4277-a301-698c176c9a48
|i 0c0d8af6-b597-4ee7-8b53-764c7cb1551b
|t 0
|
| 952 |
f |
f |
|a Texas A&M University
|b College Station
|c Electronic Resources
|d Available Online
|t 0
|e P151 .R45 2006eb
|h Library of Congress classification
|
| 998 |
f |
f |
|a P151 .R45 2006eb
|t 0
|l Available Online
|